|
|
|
|
| LEADER |
00942nam a2200265 a 4500 |
| 001 |
1155 |
| 003 |
BD-DhAAL |
| 005 |
20150312115451.0 |
| 008 |
150312s1993 nyuab b 001 0 eng |
| 010 |
|
|
|a 92013969
|
| 020 |
|
|
|a 0471540617 (paper : acidfree paper)
|
| 040 |
|
|
|a DLC
|c DLC
|d DLC
|d BD-DhAAL
|
| 050 |
0 |
0 |
|a GB55
|b .D34 1993
|
| 082 |
0 |
0 |
|a 910/.02
|2 20
|
| 100 |
1 |
|
|a De Blij, Harm J.
|9 9337
|
| 245 |
1 |
0 |
|a Physical geography of the global environment /
|c H.J. de Blij, Peter O. Muller.
|
| 260 |
|
|
|a New York :
|b Wiley,
|c c1993.
|
| 300 |
|
|
|a xxvii, 576 p. :
|b ill. (some col.), col. maps ;
|c 28 cm.
|
| 504 |
|
|
|a Includes bibliographical references and index.
|
| 541 |
|
|
|e 1155
|
| 650 |
|
0 |
|a Physical geography.
|9 9491
|
| 700 |
1 |
|
|a Muller, Peter O.
|9 9334
|
| 942 |
|
|
|2 ddc
|c BK
|
| 999 |
|
|
|c 33999
|d 33999
|
| 952 |
|
|
|0 0
|1 0
|2 ddc
|4 0
|6 910_020000000000000_DEB
|7 0
|9 53092
|a SCL
|b SCL
|c GEN
|d 2015-03-14
|l 0
|o 910.02 DEB
|p 3020001155
|r 2015-03-14
|t 1
|w 2015-03-14
|y BK
|